[Event "4NCL 2009-10"]
[Site "Sunningdale ENG"]
[Date "2010.05.03"]
[Round "11"]
[White "Moskovic,D"]
[Black "Buckley,G"]
[Result "1-0"]
[WhiteElo "2307"]
[BlackElo "2388"]
[EventDate "2009.10.24"]

1. e4 e6 2. d4 d5 3. e5 c5 4. c3 Nc6 5. Nf3 Bd7 6. Be2 Nge7 7. Na3 cxd4 8.
cxd4 Nf5 9. Nc2 Qb6 10. h4 f6 11. g4 Nfe7 12. exf6 gxf6 13. Rg1 O-O-O 14.
h5 Rg8 15. Rb1 Kb8 16. Bf4+ Ka8 17. Qd3 Rg7 18. Kf1 Rf7 19. Qe3 e5 20. dxe5
d4 21. Ncxd4 Nd5 22. Qe4 Nxd4 23. Nxd4 fxe5 24. Bxe5 Bc6 25. Bf3 Re8 26.
Nxc6 bxc6 27. Kg2 Bg7 28. Qxd5 cxd5 29. Bxd5+ Rb7 30. Bxg7 Kb8 31. Bc3 Rd7
32. Bf3 a6 33. Rge1 Rf8 34. Be5+ Ka7 35. Rbd1 Rxd1 36. Rxd1 Qe6 37. Re1 Qd7
38. Re4 Kb6 39. Rb4+ Kc5 40. Rd4 Qf7 41. Rd5+ Qxd5 42. Bxd5 Kxd5 43. f4 Ke4
44. g5 Rd8 45. g6 h6 46. g7 Kf5 47. Kf3 Ke6 48. Ke2 Kf7 49. b4 Rc8 50. Kd3
Rd8+ 51. Kc4 Rc8+ 52. Kb3 Rd8 53. Kc4 Rc8+ 54. Kd5 Rc2 55. a4 Ra2 56. b5
Rxa4 57. b6 Rb4 58. Kc6 Rc4+ 59. Kb7 a5 60. Ka7 Rb4 1-0

[Event "4NCL 2009-10"]
[Site "Sunningdale ENG"]
[Date "2010.05.03"]
[Round "11"]
[White "Lalic,S"]
[Black "Eckersley Waites,A"]
[Result "1-0"]
[WhiteElo "2310"]
[BlackElo "2197"]
[EventDate "2009.10.24"]

1. e4 c5 2. Nc3 Nc6 3. g3 g6 4. Bg2 Bg7 5. d3 d6 6. Nge2 e5 7. Nd5 Nge7 8.
Bg5 h6 9. Bf6 O-O 10. Nxe7+ Nxe7 11. Bxg7 Kxg7 12. O-O d5 13. exd5 Nxd5 14.
Nc3 Nxc3 15. bxc3 Rb8 16. Re1 Qd6 17. Qe2 f6 18. Qe3 Bd7 19. f4 exf4 20.
Qxf4 Qxf4 21. gxf4 b6 22. Bd5 Rfe8 23. Kf1 g5 24. Rxe8 Rxe8 25. a4 a5 26.
Rb1 Rb8 27. d4 cxd4 28. cxd4 Bxa4 29. c4 b5 30. Bc6 Bc2 31. Rxb5 Rxb5 32.
cxb5 a4 33. b6 a3 34. Bd5 Be4 35. b7 a2 36. b8=Q 1-0

[Event "4NCL 2009-10"]
[Site "Sunningdale ENG"]
[Date "2010.05.03"]
[Round "11"]
[White "Beckett,C"]
[Black "Povah,N"]
[Result "1-0"]
[WhiteElo "2098"]
[BlackElo "2336"]
[EventDate "2009.10.24"]

1. d4 Nf6 2. c4 e6 3. Nc3 c5 4. d5 exd5 5. cxd5 d6 6. e4 g6 7. f3 Bg7 8.
Bg5 O-O 9. Qd2 a6 10. a4 Re8 11. Nge2 Nbd7 12. Ng3 h5 13. Be2 Qa5 14. O-O
c4 15. Be3 Nc5 16. Bd4 Nfd7 17. f4 Nd3 18. Bxg7 Qb6+ 19. Kh1 Kxg7 20. Bxd3
Qd4 21. f5 h4 22. fxg6 hxg3 23. gxf7 Rh8 24. Qg5+ Kf8 25. Qd8+ Kg7 26. Qg5+
Kf8 27. Qxg3 cxd3 28. Qxd6+ Kg7 29. Rf5 Nf6 30. f8=Q+ Rxf8 31. Qe7+ Rf7 32.
Rg5+ Kh6 33. Qxf7 Kxg5 34. Qg7+ Kh5 35. Rf1 Bg4 36. Rxf6 Qe3 37. Qh7+ 1-0

[Event "4NCL 2009-10"]
[Site "Sunningdale ENG"]
[Date "2010.05.03"]
[Round "11"]
[White "Chevannes,S"]
[Black "Thompson,I"]
[Result "0-1"]
[WhiteElo "2062"]
[BlackElo "2266"]
[EventDate "2009.10.24"]

1. d4 d5 2. Nf3 Nf6 3. e3 c5 4. b3 Nc6 5. Bd3 Bg4 6. Bb2 cxd4 7. exd4 e6 8.
O-O Bd6 9. Nbd2 O-O 10. c4 dxc4 11. Nxc4 Rc8 12. Be2 Bb8 13. Rc1 Bf4 14.
Ra1 Bb8 15. Rc1 Bf5 16. Nfe5 Nd5 17. Bf3 f6 18. Nxc6 Rxc6 19. Ne3 Nxe3 20.
fxe3 Rxc1 21. Qxc1 Qd7 22. e4 Bg6 23. Qe3 Rc8 24. Rc1 b6 25. g3 Bd6 26. Kg2
h6 27. Qd2 Rxc1 28. Bxc1 e5 29. Qd1 exd4 30. Qxd4 Qe7 31. Qc4+ Kh7 32. Qd5
Qc7 33. Qd2 Be5 34. Ba3 Qc6 35. Qd3 a5 36. b4 Bf7 37. bxa5 bxa5 38. Qd2 Qc4
39. Qxa5 Qxa2+ 40. Kf1 Bc4+ 41. Ke1 Qxh2 0-1

[Event "4NCL 2009-10"]
[Site "Sunningdale ENG"]
[Date "2010.05.03"]
[Round "11"]
[White "Trent,L"]
[Black "Jirka,J"]
[Result "1-0"]
[WhiteElo "2445"]
[BlackElo "2404"]
[EventDate "2009.10.24"]

1. e4 e5 2. Nf3 Nc6 3. Bc4 Nf6 4. Ng5 d5 5. exd5 Na5 6. Bb5+ c6 7. dxc6
bxc6 8. Bd3 h6 9. Ne4 Nd5 10. Ng3 g6 11. O-O Bg7 12. Re1 O-O 13. Bf1 f5 14.
d3 c5 15. Nc3 Nf4 16. Bd2 Ne6 17. Na4 Nc6 18. c3 Qd7 19. Qb3 Rb8 20. Qc2
Ba6 21. b3 Rbd8 22. Rad1 Bxd3 23. Qc1 f4 24. Ne4 Bxf1 25. Rxf1 f3 26. Bxh6
Qc8 27. Nd6 Rxd6 28. Rxd6 fxg2 29. Re1 Ne7 30. Bxg7 Nxg7 31. Qg5 Ngf5 32.
Rd3 Kg7 33. Rxe5 Rf7 34. Nxc5 Rf6 35. Rd7 Qf8 36. Rxa7 Qf7 37. Ne4 Re6 38.
Rxe6 Qxe6 39. Qf4 Kg8 40. Ra8+ Kg7 41. Ra7 Kg8 42. Kxg2 Qd5 43. c4 1-0

[Event "4NCL 2009-10"]
[Site "Sunningdale ENG"]
[Date "2010.05.03"]
[Round "11"]
[White "Taulbut,S"]
[Black "McDonald,N"]
[Result "0-1"]
[WhiteElo "2388"]
[BlackElo "2412"]
[EventDate "2009.10.24"]

1. e4 e6 2. d4 d5 3. Nc3 Nf6 4. Bg5 Bb4 5. Nge2 dxe4 6. a3 Be7 7. Qd2 b6 8.
O-O-O Bb7 9. Ng3 Nbd7 10. Bb5 c6 11. Bc4 b5 12. Bb3 b4 13. axb4 Bxb4 14.
Qe3 Qa5 15. Bxf6 Bxc3 16. bxc3 Nxf6 17. c4 c5 18. d5 O-O 19. Kb2 Qb6 20. d6
Rfd8 21. Qf4 a5 22. Ka1 Qb4 0-1

[Event "4NCL 2009-10"]
[Site "Sunningdale ENG"]
[Date "2010.05.03"]
[Round "11"]
[White "Houska,Jo"]
[Black "Richardson,Joh"]
[Result "1/2-1/2"]
[WhiteElo "2381"]
[BlackElo "2298"]
[EventDate "2009.10.24"]

1. d4 f5 2. g3 Nf6 3. Bg2 e6 4. Nf3 Be7 5. O-O O-O 6. c4 d5 7. b3 Ne4 8.
Ba3 b6 9. Bxe7 Qxe7 10. Qc2 Bb7 11. e3 Na6 12. Ne5 c5 13. Nc3 Rac8 14. Nxe4
fxe4 15. Rac1 Nb4 16. Qe2 Nc6 17. Nxc6 Rxc6 18. dxc5 bxc5 19. Rfd1 Rc7 20.
Rd2 Rd8 21. Rcd1 Rcd7 22. h4 Rd6 23. Qh5 Qf8 24. Qg5 Bc6 25. Kh2 Qf5 26.
Qxf5 exf5 27. cxd5 Rxd5 28. Rxd5 Rxd5 29. Rxd5 Bxd5 30. g4 a5 31. Bf1 fxg4
32. Kg3 h5 33. Kf4 1/2-1/2

[Event "4NCL 2009-10"]
[Site "Sunningdale ENG"]
[Date "2010.05.03"]
[Round "11"]
[White "Snape,I"]
[Black "Sowray,P"]
[Result "1/2-1/2"]
[WhiteElo "2189"]
[BlackElo "2318"]
[EventDate "2009.10.24"]

1. c4 Nf6 2. Nf3 g6 3. Nc3 Bg7 4. e4 d6 5. d4 O-O 6. Be2 e5 7. O-O Nc6 8.
d5 Ne7 9. Ne1 Ne8 10. Be3 c5 11. dxc6 bxc6 12. b4 Bb7 13. Qb3 Nc7 14. Rd1
Ne6 15. Nc2 Qc7 16. g3 a6 17. f4 c5 18. fxe5 Bxe5 19. Nd5 Bxd5 20. cxd5 Ng7
21. bxc5 dxc5 22. Bf4 Nc8 23. Rb1 Qe7 24. Qb7 Qxb7 25. Rxb7 Nd6 26. Re7
Bxf4 27. gxf4 Rfb8 28. Ne3 Kf8 29. Rc7 Nxe4 30. f5 Rc8 31. Rxc8+ Rxc8 32.
fxg6 hxg6 33. Bxa6 Ra8 34. Bd3 Nd6 35. Bxg6 Rxa2 36. Ng4 Ke7 37. Re1+ Kd8
38. Bh7 f5 39. Ne5 Kc7 40. Nc6 Nh5 41. Ne7 f4 42. Rf1 Re2 43. Ng6 Rd2 44.
Nxf4 Nxf4 45. Rxf4 c4 46. h4 c3 47. Rf3 Nb5 48. Kf1 c2 49. Bxc2 Rxc2 50.
Rf6 Rh2 51. Rh6 Nd4 52. h5 Nf5 53. Kg1 Rh4 54. Rc6+ Kd7 55. Rf6 Rxh5 56.
Kf2 Nd6 57. Kf3 Rxd5 58. Rh6 Rd4 59. Rh8 Ke6 60. Ra8 Rb4 61. Rh8 Ke5 62.
Rh5+ Nf5 63. Rh8 Rb3+ 64. Ke2 Nd6 65. Rh5+ Kd4 66. Rh8 Re3+ 67. Kf1 Re6 68.
Ra8 Nc4 69. Kf2 Ke4 70. Rh8 Rf6+ 71. Ke2 Rf4 72. Re8+ Ne5 73. Ra8 Nc6 74.
Re8+ Kd4 75. Ra8 Re4+ 76. Kf2 Nb4 77. Rd8+ Nd5 78. Kf3 Re6 79. Rf8 Kd3 80.
Rf7 Re8 81. Kf2 Ke4 82. Ra7 Rf8+ 83. Kg3 Rf3+ 84. Kg4 Rd3 85. Ra4+ Ke5 86.
Ra5 Rc3 87. Rb5 Ke4 88. Ra5 Ne3+ 89. Kg5 Nc4 90. Ra8 Nd6 91. Ra4+ Ke5 92.
Ra5+ Ke6 93. Kf4 Kf6 94. Ra6 Rd3 95. Rb6 Rd4+ 96. Kf3 Ke5 97. Ra6 Rf4+ 98.
Ke2 Nc4 99. Ra8 Re4+ 1/2-1/2

[Event "4NCL 2009-10"]
[Site "Sunningdale ENG"]
[Date "2010.05.03"]
[Round "11"]
[White "Tiller,B"]
[Black "Anderton,D"]
[Result "1/2-1/2"]
[WhiteElo "2378"]
[BlackElo "2211"]
[EventDate "2009.10.24"]

1. b4 e5 2. Bb2 f6 3. e4 Ne7 4. f4 d6 5. Bc4 exf4 6. Qh5+ Ng6 7. Nf3 Nc6 8.
d4 Qd7 9. h3 Kd8 10. a3 Nce7 11. Nc3 c6 12. O-O-O b6 13. b5 Bb7 14. bxc6
Nxc6 15. e5 Na5 16. e6 Qc8 17. Bb5 Bc6 18. d5 Bxb5 19. Nxb5 Qc4 20. Nbd4
Rc8 21. Kb1 Be7 22. Nd2 Qa4 1/2-1/2

[Event "4NCL 2009-10"]
[Site "Sunningdale ENG"]
[Date "2010.05.03"]
[Round "11"]
[White "Bellin,J"]
[Black "Briscoe,C"]
[Result "0-1"]
[WhiteElo "2151"]
[BlackElo "2232"]
[EventDate "2009.10.24"]

1. d4 Nf6 2. c4 g6 3. Nc3 d5 4. e3 Bg7 5. cxd5 Nxd5 6. Nxd5 Qxd5 7. Ne2 O-O
8. Nc3 Qd7 9. Be2 b6 10. Bf3 Nc6 11. O-O Bb7 12. Rb1 Rad8 13. b4 Qc8 14.
Ba3 Rfe8 15. Qc2 Bxd4 16. Nb5 Nxb4 17. Rxb4 Bxf3 18. Rxd4 c5 19. Rxd8 Qg4
0-1

[Event "4NCL 2009-10"]
[Site "Sunningdale ENG"]
[Date "2010.05.03"]
[Round "11"]
[White "Ansell,S"]
[Black "Knott,S"]
[Result "1-0"]
[WhiteElo "2380"]
[BlackElo "2348"]
[EventDate "2009.10.24"]

1. d4 Nf6 2. c4 g6 3. f3 d5 4. cxd5 Nxd5 5. e4 Nb6 6. Nc3 Bg7 7. Be3 O-O 8.
Qd2 Nc6 9. O-O-O f5 10. h4 fxe4 11. h5 gxh5 12. d5 Ne5 13. Bh6 Nbc4 14. Qg5
Rf7 15. Rd4 Qd6 16. Bxg7 Rxg7 17. Qxh5 Bg4 18. fxg4 Qb4 19. Bxc4 Nxc4 20.
Rxc4 Qxc4 21. Nge2 b5 22. b3 Qc5 23. Kb1 b4 24. Nxe4 Qe3 25. Qe5 Re8 26.
Nf4 Rxg4 27. Qe6+ Kh8 28. Rxh7+ 1-0

[Event "4NCL 2009-10"]
[Site "Sunningdale ENG"]
[Date "2010.05.03"]
[Round "11"]
[White "Webb,L"]
[Black "Twyble,M"]
[Result "1/2-1/2"]
[WhiteElo "2321"]
[BlackElo "2264"]
[EventDate "2009.10.24"]

1. e4 c5 2. Nc3 g6 3. f4 Bg7 4. Nf3 Nc6 5. Bb5 Nd4 6. O-O Nxb5 7. Nxb5 d6
8. d3 Nf6 9. Qe1 O-O 10. Nc3 e6 11. Kh1 Bd7 12. Qh4 Ne8 13. Qh3 f5 14. e5
Qe7 15. Be3 Bc6 16. exd6 Qxd6 17. Rae1 Nf6 18. Ne5 Nd7 19. Nxc6 Qxc6 20.
Qf3 Qxf3 21. Rxf3 b6 22. Rff1 Rfe8 23. g3 Re7 24. Bd2 Rae8 25. Nb5 Nb8 26.
Nd6 Rd8 27. Nc4 Nc6 28. Bc3 Rd5 29. Ne3 Rd8 30. Nc4 Rd5 31. Ne3 Rdd7
1/2-1/2

[Event "4NCL 2009-10"]
[Site "Sunningdale ENG"]
[Date "2010.05.03"]
[Round "11"]
[White "Lewis,An"]
[Black "Baker,CW"]
[Result "1/2-1/2"]
[WhiteElo "2273"]
[BlackElo "2357"]
[EventDate "2009.10.24"]

1. Nf3 c5 2. c4 Nf6 3. Nc3 Nc6 4. d4 cxd4 5. Nxd4 e6 6. a3 Be7 7. g3 d6 8.
Bg2 Bd7 9. O-O O-O 10. b3 a6 11. Bb2 Rc8 12. Rc1 Qb6 13. Nxc6 Bxc6 14. e4
Rfd8 15. b4 Be8 16. Qb3 1/2-1/2

[Event "4NCL 2009-10"]
[Site "Sunningdale ENG"]
[Date "2010.05.03"]
[Round "11"]
[White "Sands,D"]
[Black "Ledger,S"]
[Result "1-0"]
[WhiteElo "2252"]
[BlackElo "2106"]
[EventDate "2009.10.24"]

1. d4 Nf6 2. c4 c5 3. d5 b5 4. cxb5 a6 5. bxa6 Bxa6 6. Nc3 g6 7. Nf3 d6 8.
g3 Bg7 9. Bg2 O-O 10. O-O Nbd7 11. Rb1 Qa5 12. Bd2 Rfb8 13. b3 Ne8 14. Qc2
Nc7 15. a4 Qb6 16. Rfd1 Bc8 17. h3 Ne5 18. Nxe5 Bxe5 19. e3 Na6 20. Na2 Bd7
21. Kh2 h5 22. f4 Bf6 23. Rdc1 Ra7 24. Qd3 e6 25. b4 Nxb4 26. Nxb4 cxb4 27.
Rxb4 Qxb4 28. Bxb4 Rxb4 29. Rc4 Rbxa4 30. Rxa4 Rxa4 31. Qb3 Ra1 32. Qb8+
Kg7 33. Qxd6 Be8 34. dxe6 fxe6 35. Qxe6 Bf7 36. Qd7 Ra2 37. e4 Kf8 38. e5
Be7 39. Qc8+ Kg7 40. Qc6 Rd2 41. Qc3 Re2 42. Qd3 Ra2 43. Qd7 Kf8 44. g4
hxg4 45. hxg4 Ra3 46. f5 gxf5 47. gxf5 1-0

[Event "4NCL 2009-10"]
[Site "Sunningdale ENG"]
[Date "2010.05.03"]
[Round "11"]
[White "Yurenok,M"]
[Black "Morrison,L"]
[Result "1-0"]
[WhiteElo "1981"]
[BlackElo "1918"]
[EventDate "2009.10.24"]

1. d4 d5 2. c4 dxc4 3. Nf3 Nf6 4. e3 e6 5. Bxc4 a6 6. O-O b5 7. Bb3 Bb7 8.
Qe2 c5 9. a4 c4 10. Bc2 Nbd7 11. b3 cxb3 12. Bxb3 b4 13. Nbd2 Be7 14. Bb2
O-O 15. e4 Rc8 16. a5 Nb8 17. Rfd1 Bc6 18. Ne5 Bb5 19. Bc4 Bxc4 20. Ndxc4
Qc7 21. Nb6 Rcd8 22. Rac1 Qb7 23. f3 Nfd7 24. Nbxd7 Nxd7 25. Nc6 Rde8 26.
Nxe7+ Rxe7 27. Qc4 Nf6 28. Qc6 Qa7 29. Qc5 Qb7 30. Rc4 Ree8 31. Qxb4 Qd7
32. Rdc1 Rc8 33. Qc3 Rb8 34. Ba3 Rfd8 35. Bc5 h6 36. Bb6 Re8 37. Rc7 Qa4
38. Qc4 Qa3 39. Qxa6 Ra8 40. Qc4 Reb8 41. Qc3 Qa4 42. Ra1 Qb5 43. Ra7 Nd7
44. Qc7 Rxa7 45. Bxa7 Rb7 46. Qc8+ Kh7 47. Bb6 Rb8 48. Qc7 Ra8 49. Ba7 Kg6
50. h3 Nf6 51. Rc1 Nd7 52. Ra1 Nf6 53. Qb6 Qd7 54. e5 Nd5 55. Qb1+ f5 56.
Bc5 Qc6 57. Qb3 Kf7 58. Qa4 Qa6 59. Qd7+ Kg6 60. Qd6 Nf4 61. Qxa6 Rxa6 62.
Bb6 Nd5 63. Rb1 Ra8 64. Rc1 Kf7 65. Rc6 Ke7 66. a6 Kf7 67. Bc5 h5 68. a7 g5
69. Rd6 Nc3 70. Rd7+ Kg6 71. Rb7 1-0

[Event "4NCL 2009-10"]
[Site "Sunningdale ENG"]
[Date "2010.05.03"]
[Round "11"]
[White "Sharpe,I"]
[Black "Slaby,Je"]
[Result "1/2-1/2"]
[WhiteElo "2250"]
[BlackElo "2463"]
[EventDate "2009.10.24"]

1. c4 g6 2. Nc3 Bg7 3. d4 Nf6 4. e4 O-O 5. Be3 d6 6. f3 Nc6 7. Nge2 a6 8.
Qd2 Rb8 9. Nc1 e5 10. d5 Nd4 11. Nb3 c5 12. dxc6 bxc6 13. Nxd4 exd4 14.
Bxd4 Re8 15. Be2 d5 16. cxd5 Rb4 17. e5 Nxd5 18. Nxd5 Rxd4 19. Qxd4 Bxe5
20. Qb6 Qxd5 21. Rd1 Qe6 22. O-O Bf4 23. Qb4 Qe5 24. Kh1 Qg5 25. g3 Rxe2
26. Qxf4 Qxf4 27. gxf4 Be6 28. Rb1 Bxa2 29. Rfe1 Rd2 30. Red1 Re2 31. Re1
1/2-1/2

[Event "4NCL 2009-10"]
[Site "Sunningdale ENG"]
[Date "2010.05.03"]
[Round "11"]
[White "Slavin,A"]
[Black "Osborne,M"]
[Result "1-0"]
[WhiteElo "2331"]
[BlackElo "2218"]
[EventDate "2009.10.24"]

1. d4 d6 2. c4 g6 3. Nc3 Bg7 4. e4 Nf6 5. h3 O-O 6. Nf3 Na6 7. Bg5 Qe8 8.
Nd2 Nh5 9. g4 h6 10. Be3 c5 11. dxc5 Nf6 12. cxd6 exd6 13. Bg2 Nh7 14. O-O
f5 15. gxf5 gxf5 16. f4 fxe4 17. Ndxe4 Nc5 18. Re1 Nxe4 19. Qd5+ Be6 20.
Qxe4 Nf6 21. Qd3 Qh5 22. Bd4 Bf5 23. Qg3 Rf7 24. Bxf6 Rxf6 25. Nd5 Rf7 26.
Re7 Rxe7 27. Nf6+ Kh8 28. Nxh5 Rg8 29. Qf2 Bd3 30. Nxg7 Rgxg7 31. Re1 1-0

[Event "4NCL 2009-10"]
[Site "Sunningdale ENG"]
[Date "2010.05.03"]
[Round "11"]
[White "Anderton,M"]
[Black "Cumbers,P"]
[Result "0-1"]
[WhiteElo "2232"]
[BlackElo "2218"]
[EventDate "2009.10.24"]

1. e4 e6 2. d4 d5 3. Nc3 Nf6 4. Bg5 Bb4 5. e5 h6 6. Bh4 g5 7. Bg3 Ne4 8.
Nge2 c5 9. a3 Ba5 10. dxc5 Bxc3+ 11. Nxc3 Nxc3 12. bxc3 Qa5 13. Qd2 Nd7 14.
c4 Qxd2+ 15. Kxd2 Nxc5 16. f3 dxc4 17. Bxc4 Bd7 18. Ke3 Ba4 19. Rab1 O-O-O
20. h4 b6 21. hxg5 hxg5 22. Bd3 Kb7 23. Rxh8 Rxh8 24. Rb4 Rh1 25. Rg4 Ra1
26. Rxg5 Rxa3 27. Rg7 Bxc2 0-1

[Event "4NCL 2009-10"]
[Site "Sunningdale ENG"]
[Date "2010.05.03"]
[Round "11"]
[White "Muter,D"]
[Black "Grigoryan Lyell,M"]
[Result "1-0"]
[WhiteElo "2221"]
[BlackElo "2122"]
[EventDate "2009.10.24"]

1. d4 d5 2. Nf3 Nf6 3. c4 c6 4. Nc3 dxc4 5. a4 Bf5 6. e3 e6 7. Bxc4 Bb4 8.
O-O Nbd7 9. Qe2 O-O 10. e4 Bg4 11. Rd1 Qc7 12. h3 Bh5 13. g4 Bg6 14. Bd3
Rfc8 15. Bd2 a6 16. e5 Ne8 17. Bxg6 hxg6 18. Nd5 cxd5 19. Bxb4 Qc4 20. Qd2
b6 21. Ng5 Rc7 22. Rdc1 Qb3 23. Rxc7 Nxc7 24. Rc1 Ne8 25. Ba3 Qxa4 26. Qf4
f6 27. exf6 Ndxf6 28. Nxe6 Qd7 29. Qe5 Kf7 30. Nf8 1-0

[Event "4NCL 2009-10"]
[Site "Sunningdale ENG"]
[Date "2010.05.03"]
[Round "11"]
[White "Rose,M"]
[Black "Cooper,J"]
[Result "1/2-1/2"]
[WhiteElo "2282"]
[BlackElo "2346"]
[EventDate "2009.10.24"]

1. e4 e6 2. d4 d5 3. Nd2 c5 4. exd5 exd5 5. Ngf3 Nc6 6. Bb5 Bd6 7. dxc5
Bxc5 8. O-O Nge7 9. Nb3 Bd6 10. c3 O-O 11. Bd3 h6 12. h3 Nf5 13. Bc2 Re8
14. Qd3 g6 15. Bd2 Bf8 16. Rfe1 Be6 17. Rad1 Qf6 18. Bc1 Rad8 19. Qb5 Nd6
20. Qf1 Bxh3 21. Rxd5 Be6 22. Rdd1 Bg4 23. Rd3 Bf5 24. Rd2 Rxe1 25. Qxe1
Re8 26. Qf1 Bg4 27. Nbd4 Ne5 28. Nxe5 Rxe5 29. f3 Bd7 30. Re2 Nf5 31. Rxe5
Qxe5 32. Qe2 Qc5 33. Bxf5 Bxf5 34. Be3 Qe5 35. Nxf5 Qxf5 36. Bxa7 Qb1+ 37.
Kf2 Qxa2 38. Bd4 Bg7 39. Qe8+ Kh7 40. Qb5 Qa8 41. Qd5 Kg8 42. b4 Qc8 43. b5
Qc7 44. Bxg7 Kxg7 45. Qd4+ Kf8 46. c4 b6 47. Qh8+ Ke7 48. Qxh6 Qxc4 49.
Qg5+ f6 50. Qxg6 Qxb5 51. Qg7+ Ke6 52. Qg8+ Ke7 53. Qg7+ Ke6 54. Qg8+ Ke7
55. Qg7+ 1/2-1/2

[Event "4NCL 2009-10"]
[Site "Sunningdale ENG"]
[Date "2010.05.03"]
[Round "11"]
[White "Cobb,J"]
[Black "Savage,B"]
[Result "1/2-1/2"]
[WhiteElo "2415"]
[BlackElo "2296"]
[EventDate "2009.10.24"]

1. c4 Nf6 2. Nc3 e6 3. d4 Bb4 4. e3 O-O 5. Nge2 d5 6. a3 Be7 7. cxd5 exd5
8. g3 c6 9. Bg2 Bf5 10. O-O Re8 11. h3 Bd6 12. f3 h5 13. e4 dxe4 14. fxe4
Bxe4 15. Rxf6 Bxg2 16. Rxd6 Qxd6 17. Kxg2 Nd7 18. Bf4 Qe6 19. Ng1 Nf6 20.
Nf3 Rad8 21. Qc2 Nd5 22. Nxd5 Qxd5 23. Rf1 Re4 24. Kh2 Rde8 25. Rf2 f6 26.
h4 Qe6 27. Qd3 Re2 28. Kg2 Rxf2+ 29. Kxf2 Kf7 30. b3 b5 31. Qc2 a6 32. Qd3
Re7 33. Nd2 Qe1+ 34. Kf3 Qd1+ 35. Kf2 Qe1+ 36. Kf3 Qd1+ 37. Kf2 Qe1+
1/2-1/2

[Event "4NCL 2009-10"]
[Site "Sunningdale ENG"]
[Date "2010.05.03"]
[Round "11"]
[White "Shaw,D"]
[Black "Morris,Ch"]
[Result "0-1"]
[WhiteElo "2241"]
[BlackElo "2189"]
[EventDate "2009.10.24"]

1. e4 e6 2. d4 d5 3. Nc3 Nf6 4. e5 Nfd7 5. f4 c5 6. Nf3 Nc6 7. Be3 cxd4 8.
Nxd4 Bc5 9. Qd2 O-O 10. O-O-O a6 11. Kb1 Qc7 12. Be2 b5 13. Nxc6 Qxc6 14.
Bf3 Nb6 15. Bxc5 Qxc5 16. Rhe1 Bd7 17. f5 Nc4 18. Qg5 h6 19. Qg3 Qb4 20. b3
Qa3 21. bxc4 bxc4 0-1

[Event "4NCL 2009-10"]
[Site "Sunningdale ENG"]
[Date "2010.05.03"]
[Round "11"]
[White "Zeidler,S"]
[Black "Rawlinson,A"]
[Result "1-0"]
[WhiteElo "2221"]
[BlackElo "2207"]
[EventDate "2009.10.24"]

1. e4 c5 2. Nc3 e6 3. f4 d5 4. Nf3 dxe4 5. Nxe4 Nf6 6. Nf2 Bd6 7. Nd3 b6 8.
b3 Bb7 9. Bb2 O-O 10. g3 Nc6 11. Bg2 Nd4 12. O-O Nxf3+ 13. Bxf3 Bxf3 14.
Qxf3 Rc8 15. c4 g6 16. Nf2 Be7 17. Qc3 h6 18. g4 Kh7 19. Rae1 Ne8 20. Ne4
Rc7 21. f5 gxf5 22. gxf5 Rg8+ 23. Kh1 Nd6 24. fxe6 f5 25. Nxd6 Bxd6 26. Qf3
Rg5 27. Rg1 Qg8 28. Rxg5 Qxg5 29. Rg1 Qf4 30. Qxf4 Bxf4 31. Bf6 Bg5 32.
Bxg5 hxg5 33. Rxg5 Re7 34. Rxf5 Rxe6 35. Rf2 Rg6 36. d3 Kh6 37. Rd2 Rg4 38.
h3 Rd4 39. Kg2 Kh5 40. Kf3 Kh4 41. Rd1 Rd7 42. a3 Rd8 43. b4 Rd6 44. Ke3
Kxh3 45. Rh1+ Kg4 46. Rh7 Re6+ 47. Kd2 Kf4 48. Rxa7 Ke5 49. Rd7 Rc6 50. Kc3
Ke6 51. Rd5 Rc8 52. Kb3 Rc7 53. Ka4 Ra7+ 54. Kb5 Rxa3 55. bxc5 bxc5 56.
Kxc5 Ra5+ 57. Kd4 Ra4 58. Rh5 Ra3 59. Ke4 Rc3 60. Rh6+ Kd7 61. Kd4 Ra3 62.
c5 Kc7 63. Kc4 Ra4+ 64. Kd5 1-0

[Event "4NCL 2009-10"]
[Site "Sunningdale ENG"]
[Date "2010.05.03"]
[Round "11"]
[White "Eckersley Waites,T"]
[Black "Redmond,J"]
[Result "1-0"]
[WhiteElo "2247"]
[BlackElo "2196"]
[EventDate "2009.10.24"]

1. d4 e6 2. c4 f5 3. g3 Nf6 4. Bg2 Be7 5. Nf3 O-O 6. O-O d6 7. Nc3 Ne4 8.
Qc2 Nxc3 9. bxc3 Nc6 10. Rd1 Qe8 11. Ba3 e5 12. c5 e4 13. cxd6 Bxd6 14. Nd2
Bxa3 15. Qb3+ Qf7 16. Qxa3 Be6 17. f3 exf3 18. Nxf3 Bd5 19. c4 Be4 20. d5
Bxf3 21. exf3 Ne5 22. Qc3 Qf6 23. f4 Nd7 24. Qxf6 Rxf6 25. d6 Rxd6 26. Bxb7
Rb8 27. Rxd6 cxd6 28. Bd5+ Kf8 29. Be6 Nc5 30. Bxf5 g6 31. Rb1 Re8 32. Bg4
Re4 33. Rb8+ Kg7 34. Ra8 a6 35. Rd8 Rd4 36. Bf3 Rd2 37. a4 Nxa4 38. Rd7+
Kf8 39. Rxh7 Nb6 40. Rc7 Na4 41. Be4 Nc5 42. Bxg6 a5 43. h4 a4 44. Ra7 Rb2
45. h5 Rb7 46. Rxb7 Nxb7 47. Bb1 Na5 48. Ba2 Nc6 49. Kf2 Nb4 50. Bb1 a3 51.
Ke3 a2 52. Bxa2 Nxa2 53. Kd4 Nb4 54. g4 Nc2+ 55. Kd3 Nb4+ 56. Ke4 Kf7 57.
g5 Na6 58. Kd5 Nc7+ 59. Kxd6 Ne6 60. c5 Nxf4 61. c6 Nxh5 62. c7 Kg6 63.
c8=Q Kxg5 64. Ke5 Kh6 65. Qg8 Ng7 66. Kf6 Nh5+ 67. Kf7 Nf4 68. Qg4 1-0

[Event "4NCL 2009-10"]
[Site "Sunningdale ENG"]
[Date "2010.05.03"]
[Round "11"]
[White "James,Dav"]
[Black "Smallbone,K"]
[Result "0-1"]
[WhiteElo "2110"]
[BlackElo "2218"]
[EventDate "2009.10.24"]

1. Nf3 d5 2. d4 Nf6 3. c4 c6 4. Nc3 dxc4 5. a4 Bg4 6. e3 e5 7. dxe5 Qxd1+
8. Nxd1 Ne4 9. Bxc4 Bb4+ 10. Ke2 Nd7 11. h3 Bxf3+ 12. gxf3 Nxe5 13. Bxf7+
Kxf7 14. fxe4 Rad8 15. Nc3 Nd3 16. f4 Nc5 17. e5 Nb3 18. Rb1 Rhe8 19. e4 g5
20. Be3 gxf4 21. Rbf1 Nd4+ 22. Bxd4 Rxd4 23. Rxf4+ Ke6 24. Rhf1 Kxe5 25.
Rf7 Bxc3 26. bxc3 Rxa4 27. Rxb7 Kxe4 28. Rfb1 c5 29. R1b2 Ra3 30. Rxh7 Rxc3
31. Rh4+ Kd5+ 32. Kd2 Rg3 33. Rb7 Rg2+ 34. Kd1 a5 35. Rd7+ Kc6 36. Rd2 Rg1+
37. Kc2 Re3 38. Rh6+ Kb5 39. h4 Rh3 40. h5 Rg5 41. Kb2 Rgxh5 42. Rxh5 Rxh5
43. Rd8 Rh2+ 44. Kb3 a4+ 45. Kc3 Rh3+ 46. Kb2 Kb4 47. Rb8+ Kc4 48. Ra8 Rh2+
49. Ka3 Kc3 50. Rxa4 c4 51. Ra8 Rh7 52. Ra6 Rh8 53. Ra7 Rb8 54. Ra6 Rd8 55.
Ra7 Kc2 56. Rh7 c3 57. Rh2+ Rd2 58. Rh1 Re2 59. Rh8 Kd2 60. Rd8+ Kc1 61.
Rh8 Re1 62. Ka2 c2 63. Rh7 Kd2 0-1

[Event "4NCL 2009-10"]
[Site "Sunningdale ENG"]
[Date "2010.05.03"]
[Round "11"]
[White "Tidman,S"]
[Black "Roberts,Dan"]
[Result "1-0"]
[WhiteElo "2110"]
[BlackElo "2067"]
[EventDate "2009.10.24"]

1. e4 e5 2. Nf3 Nc6 3. Bc4 Nf6 4. d3 Bc5 5. O-O a6 6. c3 Ba7 7. Nbd2 O-O 8.
Re1 d6 9. Bb3 Nh5 10. Nf1 Qf6 11. Ne3 Be6 12. Nd5 Bxd5 13. exd5 Nb8 14. d4
Nf4 15. dxe5 dxe5 16. Rxe5 Nd7 17. Bxf4 Qxf4 18. Re7 Nf6 19. Qd2 Qd6 20.
Re2 Rad8 21. c4 Bc5 22. a3 Qb6 23. Bc2 a5 24. Qg5 c6 25. dxc6 bxc6 26. Rae1
h6 27. Qf4 Qa7 28. Ne5 Qb6 29. Ng4 1-0

[Event "4NCL 2009-10"]
[Site "Sunningdale ENG"]
[Date "2010.05.03"]
[Round "11"]
[White "Wilson,Ju"]
[Black "Coleman,J"]
[Result "0-1"]
[WhiteElo "1890"]
[BlackElo "2136"]
[EventDate "2009.10.24"]

1. d4 Nf6 2. c4 g6 3. Nc3 Bg7 4. e4 d6 5. Nge2 O-O 6. Ng3 e5 7. d5 c5 8.
Be2 Kh8 9. Bg5 h6 10. Bd2 a6 11. h4 h5 12. Bg5 Qe8 13. Qd2 Nbd7 14. O-O-O
Nh7 15. Be3 Ndf6 16. f3 Bd7 17. Rdg1 b5 18. Nf1 Qd8 19. g4 hxg4 20. fxg4 b4
21. Nd1 Nxe4 22. Qd3 f5 23. Nd2 Nxd2 24. Bxd2 e4 25. Qg3 Be5 26. Bf4 Bxf4+
27. Qxf4 Qe7 28. g5 Qe5 29. Qf2 f4 30. h5 e3 31. Qh4 Qd4 32. Bg4 Qxc4+ 33.
Kb1 Qd3+ 34. Ka1 Qc2 35. Nxe3 fxe3 36. Bxd7 Rf2 37. Rb1 Raf8 38. Ba4 Qf5
39. hxg6 Qxg6 40. Rbc1 Rg2 41. Qh3 Rff2 42. Qc8+ Qg8 43. Qd7 Qg7 44. Qe8+
Rf8 45. Rxh7+ Kxh7 46. Qe4+ Kg8 47. Bc2 Rxc2 48. Qxc2 Rf2 49. Qb3 e2 0-1

[Event "4NCL 2009-10"]
[Site "Sunningdale ENG"]
[Date "2010.05.03"]
[Round "11"]
[White "Williams,Si1"]
[Black "Swanson,S"]
[Result "1/2-1/2"]
[WhiteElo "2545"]
[BlackElo "2263"]
[EventDate "2009.10.24"]

1. g4 d5 2. g5 c6 3. d4 g6 4. Nc3 Bg7 5. Nf3 Bf5 6. Nh4 Qb6 7. Nxf5 gxf5 8.
e3 Nd7 9. Bd3 e6 10. Ne2 h6 11. g6 fxg6 12. Nf4 Nf8 13. Rg1 Ne7 14. a4
O-O-O 15. Nh5 Rg8 16. Nxg7 Rxg7 17. Bd2 Nd7 18. b4 Qc7 19. Rg2 e5 20. dxe5
Qxe5 21. Ra3 d4 22. Kf1 Nd5 23. exd4 Qd6 24. Qf3 Nxb4 25. Bxh6 Nxd3 26.
Rxd3 Rgg8 27. Bf4 Qb4 28. Rg1 Rde8 29. Kg2 Re4 30. Bg3 Rge8 31. Rgd1 Qc4
32. h3 Qd5 33. Bh2 R4e6 34. c4 Qxf3+ 35. Kxf3 Re4 36. a5 Rh8 37. Kg2 g5 38.
a6 bxa6 39. Ra1 f4 40. Rxa6 Kb7 41. Ra5 Nb6 42. Rb3 Rxd4 43. c5 Rd5 44. Bg1
Re8 45. Rb2 Red8 46. Kf3 Rh8 47. Kg2 Rhd8 1/2-1/2